Regulierung der Armut: die Politik der öffentlichen Wohlfahrt
| Authors: | ; |
|---|---|
| Contributors: | ; |
| Format: | Print Book |
| Language: | German |
| Published: |
Frankfurt am Main
Suhrkamp
1977
|
| In: | Year: 1977 |
| Edition: | Dt. Erstausg., 1. Aufl. |
| Online Access: |
Table of Contents Table of Contents Unknown material type |
| Availability in Tübingen: | Present in Tübingen. IFK: C XIV 116 |
| Check availability: | HBZ Gateway |
| Subito Delivery Service: | Order now. |
| Keywords: |
MARC
| LEADER | 00000cam a2200000 c 4500 | ||
|---|---|---|---|
| 001 | 023284196 | ||
| 003 | DE-627 | ||
| 005 | 20260423132959.0 | ||
| 007 | tu | ||
| 008 | 710101s1977 gw ||||| 00| ||ger c | ||
| 015 | |a 77,A39,0233 |2 dnb | ||
| 016 | 7 | |a 770372708 |2 DE-101 | |
| 020 | |a 3518108727 |9 3-518-10872-7 | ||
| 035 | |a (DE-627)023284196 | ||
| 035 | |a (DE-603)049960911 | ||
| 035 | |a (DE-576)006202160 | ||
| 035 | |a (DE-599)GBV023284196 | ||
| 035 | |a (OCoLC)74363687 | ||
| 035 | |a (OCoLC)74363687 | ||
| 035 | |a (OCoLC)5047969 | ||
| 040 | |a DE-627 |b ger |c DE-627 |e rakwb | ||
| 041 | |a ger | ||
| 044 | |c XA-DE-HE | ||
| 050 | 0 | |a HV95 | |
| 082 | 0 | |a 361.6 |q OCLC | |
| 084 | |a 05b |2 sdnb | ||
| 084 | |a MG 70920 |2 rvk |0 (DE-625)rvk/122860:12224 | ||
| 084 | |a NW 8800 |2 rvk |0 (DE-625)rvk/132323: | ||
| 084 | |a MS 6500 |2 rvk |0 (DE-625)rvk/123757: | ||
| 084 | |a MS 6470 |2 rvk |0 (DE-625)rvk/123756: | ||
| 084 | |a QX 900 |2 rvk |0 (DE-625)rvk/142209: | ||
| 100 | 1 | |a Piven, Frances Fox |d 1932- |0 (DE-588)108777936 |0 (DE-627)512713855 |0 (DE-576)16256726X |4 aut | |
| 109 | |a Piven, Frances Fox 1932- |a Fox, Frances 1932- |a Piven, Francis Fox 1932- |a Fox Piven, Francis 1932- |a Piven, Frances F. 1932- |a Fox Piven, Frances 1932- | ||
| 240 | 1 | 0 | |a Regulating the poor <dt.> |
| 245 | 1 | 0 | |a Regulierung der Armut |b die Politik der öffentlichen Wohlfahrt |c Frances F. Piven ; Richard A. Cloward. Mit e. Vorw. v. Stephan Leibfried |
| 250 | |a Dt. Erstausg., 1. Aufl. | ||
| 264 | 1 | |a Frankfurt am Main |b Suhrkamp |c 1977 | |
| 300 | |a 448 S. | ||
| 336 | |a Text |b txt |2 rdacontent | ||
| 337 | |a ohne Hilfsmittel zu benutzen |b n |2 rdamedia | ||
| 338 | |a Band |b nc |2 rdacarrier | ||
| 490 | 0 | |a Edition Suhrkamp |v 872 | |
| 500 | |a Literaturverz. S. 438 - [449] | ||
| 505 | 8 | |a Literaturverz. S. 438 - [449] | |
| 650 | 0 | |a Public Welfare |x United States | |
| 650 | 0 | 7 | |0 (DE-588)4055879-4 |0 (DE-627)10615656X |0 (DE-576)209115742 |a Sozialpolitik |2 gnd |
| 650 | 0 | 7 | |0 (DE-588)4128491-4 |0 (DE-627)105716979 |0 (DE-576)20960252X |a Wohlfahrt |2 gnd |
| 650 | 4 | |a Wohlfahrtsökonomie | |
| 650 | 4 | |a Wirtschaftspolitik | |
| 650 | 4 | |a Sozialstaat | |
| 650 | 4 | |a Wirtschaft | |
| 650 | 4 | |a Armut | |
| 650 | 4 | |a Fürsorge | |
| 651 | 7 | |0 (DE-588)4078704-7 |0 (DE-627)106076612 |0 (DE-576)209209682 |a Usa |2 gnd | |
| 651 | 7 | |a Usa |2 gnd | |
| 653 | 0 | |a Public welfare |a United States | |
| 689 | 0 | 0 | |d s |0 (DE-588)4055879-4 |0 (DE-627)10615656X |0 (DE-576)209115742 |a Sozialpolitik |2 gnd |
| 689 | 0 | 1 | |d s |0 (DE-588)4002963-3 |0 (DE-627)104152397 |0 (DE-576)208849491 |a Armut |2 gnd |
| 689 | 0 | |5 (DE-627) | |
| 700 | 1 | |8 1\p |a Cloward, Richard A. |d 1926- |0 (DE-588)172022827 |0 (DE-627)696921979 |0 (DE-576)132898268 |4 aut | |
| 700 | 1 | |a Leibfried, Stephan |d 1944-2018 |e Vorr. |0 (DE-588)120723301 |0 (DE-627)080851355 |0 (DE-576)161947646 |4 aui | |
| 700 | 1 | |a Tergeist, Peter |e Übers. |4 oth | |
| 700 | 1 | 2 | |a Piven, Frances Fox |d 1932- |t Regulating the poor <dt.> |
| 856 | 4 | 2 | |u http://www.gbv.de/dms/ilmenau/toc/023284196.PDF |m V:DE-601 |m B:DE-ilm1 |q pdf/application |x Verlag |y Inhaltsverzeichnis |3 Inhaltsverzeichnis |7 1 |
| 856 | 4 | 2 | |u http://scans.hebis.de/HEBCGI/show.pl?04996091_toc.pdf |m V:DE-605;X:Imageware |q application/pdf |3 Inhaltsverzeichnis |7 1 |
| 856 | 4 | 2 | |u https://de.wikipedia.org/w/index.php?title=Cloward%E2%80%93Piven-Strategie&oldid=263860390 |7 1 |
| 883 | |8 1\p |a cgwrk |d 20241001 |q DE-101 |u https://d-nb.info/provenance/plan#cgwrk | ||
| 889 | |w (DE-627)022608966 | ||
| 935 | |i Blocktest | ||
| 936 | r | v | |a MG 70920 |b Sozialpolitik, Gesundheitspolitik |k Politologie |k Politische Systeme einzelner Länder |k Europa, Nordamerika |k Nordamerika |k USA |k Einzelne politische Sachgebiete |k Sozialpolitik, Gesundheitspolitik |0 (DE-627)1271510162 |0 (DE-625)rvk/122860:12224 |0 (DE-576)201510162 |
| 936 | r | v | |a NW 8800 |b Allgemeines |k Geschichte |k Wirtschafts- und Sozialgeschichte |k Spezielle Sozialgeschichte |k Sozialpolitik und Fürsorge |k Allgemeines |0 (DE-627)1271480530 |0 (DE-625)rvk/132323: |0 (DE-576)201480530 |
| 936 | r | v | |a MS 6500 |b Sozialpolitik, Sozialstaat |k Soziologie |k Spezielle Soziologien |k Sozialpolitik, Sozialstaat |0 (DE-627)1271068826 |0 (DE-625)rvk/123757: |0 (DE-576)201068826 |
| 936 | r | v | |a MS 6470 |b Sozialarbeit; Hilfsorganisation, Rehabilitation, Sozialpädagogik, Resozialisierung, Bewährungshilfe |k Soziologie |k Spezielle Soziologien |k Soziale Probleme |k Sozialarbeit; Hilfsorganisation, Rehabilitation, Sozialpädagogik, Resozialisierung, Bewährungshilfe |0 (DE-627)1270651951 |0 (DE-625)rvk/123756: |0 (DE-576)200651951 |
| 936 | r | v | |a QX 900 |b Wohlfahrtswesen, Sozialeinrichtung. Allgemeines |k Wirtschaftswissenschaften |k Sozialpolitik. Gesundheitswesen. Bildungsökonomie |k Wohlfahrtswesen, Sozialeinrichtung |k Wohlfahrtswesen, Sozialeinrichtung. Allgemeines |0 (DE-627)1271483009 |0 (DE-625)rvk/142209: |0 (DE-576)201483009 |
| 936 | s | n | |a m200 |2 mzub |
| 936 | s | n | |a q100 |2 mzub |
| 951 | |a BO | ||
| ELC | |b 1 | ||
| LOK | |0 000 xxxxxcx a22 zn 4500 | ||
| LOK | |0 001 3120306800 | ||
| LOK | |0 003 DE-627 | ||
| LOK | |0 004 023284196 | ||
| LOK | |0 005 20020607000000 | ||
| LOK | |0 008 940204||||||||||||||||ger||||||| | ||
| LOK | |0 040 |a DE-21-110 |c DE-627 |d DE-21-110 | ||
| LOK | |0 852 |a DE-21-110 | ||
| LOK | |0 852 1 |c C XIV 116 |m p |9 00 | ||
| LOK | |0 935 |a k110 | ||
| LOK | |0 936ln |a 9.3 | ||
| LOK | |0 938 |k p | ||
| LOK | |0 939 |a 1994-02-04 |b l01 | ||
| ORI | |a WA-MARC-krimdoka001.raw | ||
| SIG | |a IFK: C XIV 116 | ||
